000 00741cam a2200217 i 4500
999 _c57962
_d57962
001 18402807
005 20221111102318.0
008 141210s2015 enka 000 0 eng
020 _a9781107071209x
080 _a341.2 S-31
100 1 _aSchütze, Robert
_e
_99679
245 1 0 _aEuropean Union law /
_cRobert Schütze.
264 1 _aCambridge, United Kingdom :
_bCambridge University Press,
_c[2015].
300 _acxiii, 946 pages :
_billustrations ;
_c26 cm.
653 _aEuropean Union Law
653 _aევროკავშირის კანონმდებლობა
653 _aსამართალი
653 _aЗакон Европейского Союза
653 _aПраво
942 _2udc
_cBK